La rueda de la fortuna / (Registro nro. 14600)

Detalles MARC
000 -LEADER
fixed length control field 00889nam a2200289 a 4500
001 - CONTROL NUMBER
control field
003 - CONTROL NUMBER IDENTIFIER
control field DO-SdBNP
005 - DATE AND TIME OF LATEST TRANSACTION
control field 20240318092042.0
008 - FIXED-LENGTH DATA ELEMENTS--GENERAL INFORMATION
fixed length control field 091001s2014 mx a r 000 0 spa d
020 ## - INTERNATIONAL STANDARD BOOK NUMBER
International Standard Book Number 9789681683832
040 ## - CATALOGING SOURCE
Original cataloging agency DO-SdBNP
Language of cataloging spa
Transcribing agency BPMSU
082 ## - DEWEY DECIMAL CLASSIFICATION NUMBER
Classification number M861.6
Item number P348r 2014
Edition number 22
100 1# - MAIN ENTRY--PERSONAL NAME
Personal name Paz Garro, Helena.
Dates associated with a name
245 10 - TITLE STATEMENT
Title La rueda de la fortuna /
Statement of responsibility, etc. Helena Paz Garro ; prólogo de Ernst Jünger.
260 ## - PUBLICATION, DISTRIBUTION, ETC. (IMPRINT)
Place of publication, distribution, etc. México:
Name of publisher, distributor, etc. Fondo de Cultura Económica,
Date of publication, distribution, etc. 2014
300 ## - PHYSICAL DESCRIPTION
Extent 123 p. :
Other physical details il. ;
Dimensions 22 cm.
490 0# - SERIES STATEMENT
Series statement Poesía
590 ## - LOCAL NOTE (RLIN)
Local note Inventariado, 2024/VM
650 #4 - SUBJECT ADDED ENTRY--TOPICAL TERM
Topical term or geographic name as entry element Poesía mexicana
650 #4 - SUBJECT ADDED ENTRY--TOPICAL TERM
Topical term or geographic name as entry element Primavera
Form subdivision Poesías.
650 #4 - SUBJECT ADDED ENTRY--TOPICAL TERM
Topical term or geographic name as entry element Literatura mexicana
650 #4 - SUBJECT ADDED ENTRY--TOPICAL TERM
Topical term or geographic name as entry element Jóvenes
Form subdivision Poesías
700 1# - ADDED ENTRY--PERSONAL NAME
Personal name Jünger, Ernst
Relator term pról.
710 2# - ADDED ENTRY--CORPORATE NAME
Corporate name or jurisdiction name as entry element Fondo de Cultura Económica (México)
910 ## - USER-OPTION DATA (OCLC)
User-option data VMateo V. Cotrol de calidad. BPMSU
942 ## - ADDED ENTRY ELEMENTS (KOHA)
Source of classification or shelving scheme Dewey Decimal Classification
Koha item type Libros
Existencias
Withdrawn status Lost status Source of classification or shelving scheme Damaged status Not for loan Collection code Home library Current library Date acquired Total Checkouts Full call number Barcode Date last seen Price effective from Koha item type Source of acquisition Copy number
    Dewey Decimal Classification     Colección General Biblioteca Pública Metropolitana Salomé Ureña Biblioteca Pública Metropolitana Salomé Ureña 03/18/2024   BPMSU CG M861.6 P348r 2014 BPMSU24030055 03/18/2024 03/18/2024 Libros    
    Dewey Decimal Classification     Colección General Biblioteca Pública Metropolitana Salomé Ureña Biblioteca Pública Metropolitana Salomé Ureña 03/18/2024   BPMSU CG M861.6 P348r 2014 BPMSU24030056 03/18/2024 03/18/2024 Libros Fondo de Cultura Económica e.2